Fish ponds in farming systems : Proceeding of the symposium

Na minha lista:
Detalhes bibliográficos
Formato: Livro
Idioma:Undetermined
Publicado em: Cần Thơ Nhà xuất bản Cần Thơ 2006
Assuntos:
Tags: Adicionar Tag
Sem tags, seja o primeiro a adicionar uma tag!
Thư viện lưu trữ: Trung tâm Học liệu Trường Đại học Cần Thơ
LEADER 00486nam a2200169Ia 4500
001 CTU_138513
008 210402s9999 xx 000 0 und d
082 |a 639 
082 |b F532 
245 0 |a Fish ponds in farming systems : 
245 0 |b Proceeding of the symposium 
260 |a Cần Thơ 
260 |b Nhà xuất bản Cần Thơ 
260 |c 2006 
650 |a Fisheries,Nghề cá 
904 |i Tuyến 
980 |a Trung tâm Học liệu Trường Đại học Cần Thơ